|
|
|
|
| LEADER |
00000nam0a2200000 4500 |
| 001 |
345406 |
| 005 |
20231102005753.0 |
| 010 |
|
|
|a 5941451393
|
| 035 |
|
|
|a (RuTPU)RU\TPU\book\377243
|
| 090 |
|
|
|a 345406
|
| 100 |
|
|
|a 20201118d2003 m y0rusy50 ca
|
| 101 |
1 |
|
|a rus
|c spa
|
| 102 |
|
|
|a RU
|
| 105 |
|
|
|a y z 000ay
|
| 200 |
1 |
|
|a Тайный меридиан
|e роман
|e пер. с исп.
|f А. Перес-Реверте
|g пер. Н. Малыхиной
|
| 210 |
|
|
|a Москва
|c Иностранка
|d 2003
|
| 215 |
|
|
|a 622 с.
|
| 225 |
1 |
|
|a The Best of Иностранка
|
| 330 |
|
|
|a Тайна, погребенная на дне морском два с половиной столетия назад по воле иезуитов, постепенно раскрывается по воле современной женщины, красивой, решительной, умной. Ее окружают мужчины: и бескорыстно влюбленный в нее моряк, и алчные враги-соперники... Она же идет своим путем, добиваясь цели во что бы то ни стало. Море, бурная история Испании XVIII века, архивы, кладоискательство, штормы, человеческие страсти, страсти литературных персонажей и многое-многое другое найдет читатель на страницах этого романа.
|
| 606 |
1 |
|
|a Испанская литература
|2 stltpush
|3 (RuTPU)RU\TPU\subj\13206
|9 39855
|
| 610 |
1 |
|
|a художественная литература
|
| 610 |
1 |
|
|a приключенческие романы
|
| 610 |
1 |
|
|a Испания
|
| 610 |
1 |
|
|a 18 век
|
| 610 |
1 |
|
|a исторические романы
|
| 675 |
|
|
|a 86
|v 4
|
| 700 |
|
1 |
|a Перес-Реверте
|b А.
|g Артуро
|
| 702 |
|
1 |
|a Малыхина
|b Н.
|4 730
|
| 801 |
|
1 |
|a RU
|b 63413507
|c 20201118
|
| 801 |
|
2 |
|a RU
|b 63413507
|c 20201207
|g RCR
|
| 942 |
|
|
|c BK
|